[Event "CFriend SL-2003-0-00007 email"]
[Site "Chessfriend.com"]
[Date "2003.04.16"]
[Round "?"]
[White "Deas, John"]
[Black "Yakovlev, Gennadiy"]
[Result "1-0"]
[WhiteElo "971"]
[BlackElo "889"]
[PlyCount "27"]
[EventDate "2003.04.16"]
[EventType "tourn (corr)"]
[EventRounds "12"]
[SourceTitle "Corr 2008"]
[Source "ChessBase"]
[SourceDate "2008.06.24"]
[SourceVersion "1"]
[SourceVersionDate "2008.06.24"]
[SourceQuality "1"]

1. e4 d5 2. exd5 Nf6 3. d4 Nxd5 4. Nf3 Bf5 5. Bd3 Bg6 6. c4 Nb4 7. Bxg6 hxg6 8. Qa4+ N8c6 9. d5 Nxd5 10. cxd5 Qxd5 11. Nc3 Qe6+ 12. Be3 0-0-0 13. 0-0 a6 14. Nd4 1-0

[Event "CFriend SL-2003-0-00003 email"]
[Site "Chessfriend.com"]
[Date "2003.02.06"]
[Round "?"]
[White "Yakovlev, Gennadiy"]
[Black "O'Sullivan, Paul"]
[Result "1/2-1/2"]
[WhiteElo "875"]
[BlackElo "1458"]
[PlyCount "49"]
[EventDate "2003.02.06"]
[EventType "tourn (corr)"]
[EventRounds "12"]
[SourceTitle "Corr 2008"]
[Source "ChessBase"]
[SourceDate "2008.06.24"]
[SourceVersion "1"]
[SourceVersionDate "2008.06.24"]
[SourceQuality "1"]

1. e4 e5 2. f4 exf4 3. Nf3 g5 4. Bc4 Bg7 5. h4 h6 6. Nc3 d6 7. d4 Nc6 8. Nd5 Nge7 9. hxg5 hxg5 10. Rxh8+ Bxh8 11. Nxg5 Nxd5 12. Qh5 Qf6 13. Nxf7 Nxd4 14. Nxh8+ Kd8 15. Bxd5 Nxc2+ 16. Kd1 Nxa1 17. Qh7 Qd4+ 18. Ke2 Bg4+ 19. Kf1 Qd1+ 20. Kf2 Qe2+ 21. Kg1 Qe1+ 22. Kh2 Qg3+ 23. Kh1 Qe1+ 24. Kh2 Qg3+ 25. Kh1 1/2-1/2

[Event "CFriend SL-2003-0-00003 email"]
[Site "Chessfriend.com"]
[Date "2003.02.06"]
[Round "?"]
[White "Yakovlev, Gennadiy"]
[Black "Prieto, Carlos"]
[Result "0-1"]
[WhiteElo "875"]
[BlackElo "1491"]
[PlyCount "112"]
[EventDate "2003.02.06"]
[EventType "tourn (corr)"]
[EventRounds "12"]
[SourceTitle "Corr 2008"]
[Source "ChessBase"]
[SourceDate "2008.06.24"]
[SourceVersion "1"]
[SourceVersionDate "2008.06.24"]
[SourceQuality "1"]

1. e4 c5 2. Nf3 d6 3. Bc4 Nf6 4. Nc3 g6 5. d4 cxd4 6. Nxd4 Bg7 7. Be3 0-0 8. Qd2 Ng4 9. Bg5 Nc6 10. Nxc6 bxc6 11. f3 h6 12. Bf4 Ne5 13. Bb3 Kh7 14. 0-0-0 Ba6 15. h4 Nc4 16. Qd3 Nxb2 17. Qxa6 Bxc3 18. Qxc6 Nxd1 19. Rxd1 Rc8 20. Qa6 Qb6 21. Qxb6 axb6 22. Be3 Rb8 23. Bd4 Bxd4 24. Rxd4 Kg7 25. Ra4 Kf6 26. Ra7 e6 27. Kd2 Rfe8 28. Rd7 Red8 29. Rc7 b5 30. Ke3 Rbc8 31. Rb7 Rc3+ 32. Kd2 Rc5 33. Ke3 Rdc8 34. Rd7 R5c6 35. Rb7 Rc3+ 36. Kd2 R3c5 37. Rd7 R8c6 38. Kd3 Rh5 39. g3 g5 40. hxg5+ hxg5 41. Rb7 Rh3 42. Rxb5 Rxg3 43. Ke2 Rc3 44. a4 Rcxf3 45. a5 g4 46. Kd2 Rh3 47. a6 g3 48. a7 Rh2+ 49. Kc1 g2 50. a8Q g1Q+ 51. Kb2 Qd4+ 52. Ka2 Rf1 53. Qd8+ Kg7 54. Rg5+ Kh6 55. Qf8+ Kxg5 56. Qg8+ Kh6 0-1

[Event "IECG CP.1999.P.00068"]
[Site "IECG email"]
[Date "1999.10.01"]
[Round "?"]
[White "Reikl, Johann"]
[Black "Yakovlev, Gennadiy"]
[Result "1-0"]
[WhiteElo "2076"]
[BlackElo "800"]
[PlyCount "31"]
[EventDate "1999.10.01"]
[EventType "tourn (corr)"]
[EventRounds "6"]
[EventCountry "USA"]
[SourceTitle "Corr 2008"]
[Source "ChessBase"]
[SourceDate "2008.06.24"]
[SourceVersion "1"]
[SourceVersionDate "2008.06.24"]
[SourceQuality "1"]

1. e4 e5 2. Nf3 d6 3. d4 Bg4 4. dxe5 Bxf3 5. Qxf3 dxe5 6. Qb3 b6 7. Bc4 Qe7 8. Nc3 Nd7 9. Nd5 Nc5 10. Qb5+ Qd7 11. Nxc7+ Kd8 12. Qxd7+ Kxd7 13. Nxa8 Nxe4 14. Ke2 Bc5 15. Rd1+ Nd6 16. Bb5+ 1-0